Szczegóły MARC21

Literatur der Deutschen Demokratischen Republik : Einzeldarstellungen. Bd. 2 /

003 -Nazwa inst., której nr kontr. jest w polu 001 [,]
    • @
    • Nazwa instytucji, której n kontrolny jest w polu 001
    • NUKAT
005 -DATA I CZAS OSTATNIEJ MODYFIKACJI [,]
    • @
    • pole kontrolne
    • 20241231102328.0
040 -Instytucja sporządzająca opis [ , ]
    • a
    • Instytucja, która sporządziła opis (NP)
    • GD U/3IL
    • c
    • Instytucja, która sporządziła rekord (NP)
    • GD U/3IL
    • d
    • Instytucja, która zmodyfikowała rekord (P)
    • LUBL U/roks
942 -Rodzaj dokumentu [ , ]
    • c
    • Rodzaj dokumentu
    • Książka
245 -Strefa tytułu i oznaczenia odpowiedzialności [0,0]
    • a
    • Tytuł
    • Literatur der Deutschen Demokratischen Republik : Find
    • b
    • Ciąg dalszy tytułu (NP)
    • Einzeldarstellungen. Find
    • n
    • Oznaczenie części (P)
    • Bd. 2 /
    • c
    • Pozostałe elementy strefy tytułu i oznaczenia odpowiedzialności (NP)
    • von einem Autorenkollektiv unter Leitung von Hans Jürgen Geerdts und Mitarb. von Heinz Neugebauer.
260 -Strefa adresu wydawniczego [ , ]
    • a
    • Miejsce wydania (P)
    • Berlin :
    • b
    • Nazwa wydawcy (P)
    • Volk und Wissen Volkseigener Verlag,
    • c
    • Data wydania (P)
    • 1979.
300 -Strefa opisu fizycznego [ , ]
    • a
    • Określenie formy książki i/lub objętość (NP)
    • 623, [1] s., [16] s. tabl. :
    • b
    • Oznaczenie ilustracji (NP)
    • il. ;
    • c
    • Format (NP)
    • 20 cm.
336 -Typ zawartości [ , ]
    • a
    • Termin opisujący typ zawartości
    • Tekst
    • b
    • Kod określający zawartość
    • txt
    • 2
    • Źródło (terminu i kodu)
    • rdacontent
337 -Typ mediów [ , ]
    • a
    • Tryb odtwarzania
    • Bez urządzenia pośredniczącego
    • b
    • Kod typu mediów
    • n
    • 2
    • Źródło (terminu i kodu)
    • rdamedia
338 -Typ/rodzaj nośnika [ , ]
    • a
    • Hasło opisujące typ nośnika
    • Wolumin
    • b
    • Kod typu nośnika
    • nc
    • 2
    • Źródło (terminu i kodu)
    • rdacarrier
080 -Uniwersalna Klasyfikacja Dziesiętna [ , ]
    • a
    • Symbol klasyfikacji
    • 830(430.2)(091)(082.1)=30
650 -Hasło przedmiotowe [ ,7]
    • a
    • Hasło przedmiotowe
    • Literatura niemiecka
    • z
    • Określnik geograficzny
    • Niemiecka Republika Demokratyczna
    • x
    • Określnik rzeczowy
    • historia i krytyka.
    • 2
    • Źródło terminu
    • kaba
    • 9
    • KHW
    • 377435
650 -Hasło przedmiotowe [ ,7]
    • a
    • Hasło przedmiotowe
    • Pisarze niemieccy
    • z
    • Określnik geograficzny
    • Niemiecka Republika Demokratyczna.
    • 2
    • Źródło terminu
    • kaba
    • 9
    • KHW
    • 505236
980 -Symbol UKD [ , ]
    • a
    • UKD
    • 830(430.2)(091)(082.1)=30
700 -Hasło dodatkowe - nazwa osobowa [1, ]
    • a
    • Nazwa osobowa (NP)
    • Geerdts, Hans Jürgen Find
    • d
    • Daty biograficzne (NP)
    • (1922-1989).
    • 9
    • KHW
    • 443148
700 -Hasło dodatkowe - nazwa osobowa [1, ]
    • a
    • Nazwa osobowa (NP)
    • Neugebauer, Heinz. Find
    • 9
    • KHW
    • 576714
Lokalizacja Data inwentaryzacji Numer inwentarzowy Status udost. Sygnatura
BM2003-03-19G.166091GERM. Lit. niem. - lit. NRD 10
BM2000-03-08G.29321 
BM2000-03-08G.6075-3